Auditing : (Record no. 1266)

000 -LEADER
fixed length control field 01472cam a22003618a 4500
003 - CONTROL NUMBER IDENTIFIER
control field CaOOAMICUS
005 - DATE AND TIME OF LATEST TRANSACTION
control field 20210625045426.0
008 - FIXED-LENGTH DATA ELEMENTS--GENERAL INFORMATION
fixed length control field 090819s2011 onca 001 0 eng
020 ## - INTERNATIONAL STANDARD BOOK NUMBER
International Standard Book Number 9780135054673 (hbk. : Pearson)
040 ## - CATALOGING SOURCE
Transcribing agency CaOONL
050 ## - LIBRARY OF CONGRESS CALL NUMBER
Classification number HF5667
Item number .A93 2011
055 #0 - CLASSIFICATION NUMBERS ASSIGNED IN CANADA
Classification number HF5667
Item number .A93 2011
090 ## - LOCALLY ASSIGNED LC-TYPE CALL NUMBER (OCLC); LOCAL CALL NUMBER (RLIN)
Classification number (OCLC) (R) ; Classification number, CALL (RLIN) (NR) 657.45 AUD
090 ## - LOCALLY ASSIGNED LC-TYPE CALL NUMBER (OCLC); LOCAL CALL NUMBER (RLIN)
Classification number (OCLC) (R) ; Classification number, CALL (RLIN) (NR) 657.45 A776 2011
245 00 - TITLE STATEMENT
Title Auditing :
Remainder of title the art and science of assurance engagements /
Statement of responsibility, etc. Alvin A. Arens ... [and others].
250 ## - EDITION STATEMENT
Edition statement Canadian 11th edition
260 ## - PUBLICATION, DISTRIBUTION, ETC.
Place of publication, distribution, etc. Toronto :
Name of publisher, distributor, etc. Pearson Prentice Hall,
Date of publication, distribution, etc. c2011.
300 ## - PHYSICAL DESCRIPTION
Extent xv, 800 pages :
Other physical details illustrations
336 ## - CONTENT TYPE
Content type term text
Content type code txt
Source rdacontent
337 ## - MEDIA TYPE
Media type term unmediated
Media type code n
Source rdamedia
338 ## - CARRIER TYPE
Carrier type term volume
Carrier type code nc
Source rdacarrier
500 ## - GENERAL NOTE
General note Canadian 3rd-Canadian 7th eds. published under title: Auditing : an integrated approach. Canadian 3rd. ed. written by Alvin A. Arens, James K. Loebbecke, W. Morley Lemon. Canadian 4th ed.-Canadian 7th ed. written by W. Morley Lemon, Alvin A. Arens, James K. Loebbecke. 8th Canadian-10th Canadian eds. published under title: Auditing and other assurance services, by Alvin A. Arens ... [et al.]
500 ## - GENERAL NOTE
General note Includes index.
650 #0 - SUBJECT ADDED ENTRY--TOPICAL TERM
Topical term or geographic name entry element Auditing
Form subdivision Textbooks.
700 1# - ADDED ENTRY--PERSONAL NAME
Personal name Arens, Alvin A.
910 ## - USER-OPTION DATA (OCLC)
User-option data Canadian.
942 ## - ADDED ENTRY ELEMENTS (KOHA)
Source of classification or shelving scheme
Koha item type Book
Suppress in OPAC MM
Holdings
Withdrawn status Lost status Source of classification or shelving scheme Damaged status Not for loan Permanent Location Current Location Shelving location Date acquired Total Checkouts Full call number Barcode Date last seen Price effective from Koha item type Public note
          AU LIBRARY AU LIBRARY Open Shelf 25.06.2021   HF5667 .A93 2011 28000231 25.06.2021 25.06.2021 Book MM

Powered by Koha